Normal view
MARC view
Entry Topical Term
001 - CONTROL NUMBER
- control field: 31150
003 - CONTROL NUMBER IDENTIFIER
- control field: OSt
005 - DATE AND TIME OF LATEST TRANSACTION
- control field: 20260625115700.0
008 - FIXED-LENGTH DATA ELEMENTS
- fixed length control field: 260625|| aca||aabn | a|a d
040 ## - CATALOGING SOURCE
- Original cataloging agency: OSt
- Transcribing agency: OSt
150 ## - HEADING--TOPICAL TERM
- Topical term or geographic name entry element: Teacher-principal relationships-- handbooks,manuals
670 ## - SOURCE DATA FOUND
- Source citation: Work cat.: (OSt)25194: Brock L.Barbara 31148, From first year to first rate, 2007
